Analysis of Specific Open Innovation Components Based on Perception among Slovak Companies

Porovnanie inovačnej výkonnosti a jej percepcie medzi mikro, malými, strednými a veľkými podnikmi v SR. Analýza, hodnotenie a komparácia vnímania konkrétnych komponentov otvoreného inovačného modelu medzi slovenskými firmami.

Salvato in:
Dettagli Bibliografici
Autore principale: Kohnová, Lucia
Natura: Capitolo di libro
Lingua:inglese
Soggetti:
Tags: Aggiungi Tag
Nessun Tag, puoi essere il primo ad aggiungerne!!

MARC

LEADER 00000naa a2200000 4500
001 0267292
005 20220719070811.7
041 0 |a eng 
044 |a CZ 
245 1 0 |a Analysis of Specific Open Innovation Components Based on Perception among Slovak Companies  |c Lucia Kohnová 
520 |a Porovnanie inovačnej výkonnosti a jej percepcie medzi mikro, malými, strednými a veľkými podnikmi v SR. Analýza, hodnotenie a komparácia vnímania konkrétnych komponentov otvoreného inovačného modelu medzi slovenskými firmami. 
610 2 0 |a inovácia 
610 2 0 |a vzťahy hospodárske vonkajšie 
610 2 0 |a podnik 
610 2 0 |a porovnanie štatistické 
100 1 |a Kohnová, Lucia